Eviccin̤ parcial en la compraventa en el Cd̤igo Civil Espaǫl

Detalles Bibliográficos
Autor principal: Martn̕ez Martn̕ez, Mara̕ Teresa
Formato: eBook
Lenguaje:español
Publicado: Madrid : Complutense de Madrid : Dykinson, 2004
Materias:
Acceso en línea:http://www.vlex.com/source/7040

MARC

LEADER 00000nam a22000007a 4500
005 20130222110249.0
007 cr|||| ||||
008 130222e2004 sp |||||s|||| 00||0 spa d
020 |a 978-84-9031-183-7 
035 |a 7040 
040 |a vLex 
090 |c 3720  |d 3720 
100 1 0 |a Martn̕ez Martn̕ez, Mara̕ Teresa  
245 1 0 |a Eviccin̤ parcial en la compraventa en el Cd̤igo Civil Espaǫl  |h [Recurso electrn̤ico] 
256 |a Servicio en ln̕ea 
260 |a Madrid :  |b Complutense de Madrid : Dykinson,   |c 2004 
300 |a 1 Recurso en ln̕ea 
650 0 4 |a Derecho civil  |z Espaą 
650 0 4 |a Derecho mercantil y de la empresa  |z Espaą 
650 0 4 |a Contratos mercantiles  |z Espaą 
650 0 4 |a Contratos civiles  |z Espaą 
740 |a vLex Libros (Servicio en ln̕ea) 
856 |a Acceso restringido  |u http://www.vlex.com/source/7040 
942 |c BOOK 
999 0 |a Civil law